| 000 | 005230000a22001930004500 | ||
|---|---|---|---|
| 001 | 003678 | ||
| 003 | MACL | ||
| 005 | 20151119135644.0 | ||
| 008 | 151119b xxu||||| |||| 00| 0 eng d | ||
| 040 |
_aMACL _cmacl |
||
| 041 | _aEnglish | ||
| 082 | _a750/ART | ||
| 100 |
_aGill, Dr. Ranjit singh _917544 |
||
| 245 |
_aRagamala Painting _bA Journey From Misic to Art _cDr. Ranjit singh Gill |
||
| 260 |
_aAravali Books International _c2006 |
||
| 350 | _a1500 | ||
| 650 |
_aPainting & Paintings _97566 |
||
| 942 |
_k750 _cBK _2ddc |
||
| 999 |
_c15575 _d15575 |
||